Greece National Football Team - Statistics

General Stats
  • This quiz has been taken 537 times
    255 since last reset
  • The average score is 8 of 19
Answer Stats
Goals Caps Player % Correct
25 88 Angelos Charisteas
75%
10 139 Giorgos Karagounis
74%
17 65 Kostas Mitroglou
64%
0 90 Antonis Nikopolidis
56%
3 90 Sokratis Papastathopoulos
53%
3 120 Thodoris Zagorakis
51%
10 116 Kostas Katsouranis
49%
7 100 Angelos Basinas
48%
24 78 Fanis Gekas
47%
19 80 Tasos Bakasetas
40%
29 74 Nikos Anastopoulos
38%
10 101 Vasilis Torosidis
38%
17 54 Demis Nikolaidis
30%
13 82 Dimitris Salpingidis
30%
22 78 Dimitris Saravakos
20%
18 61 Nikos Machlas
16%
21 61 Mimis Papaioannou
13%
5 96 Stratos Apostolakis
8%
16 76 Panagiotis Tsalouchidis
4%
No matching quizzes found
Score Distribution
Percent of People with Each Score
Percentile by Number Answered
Your Score History
You have not taken this quiz since the last reset